|
|
|
|
| LEADER |
00000nab a2200000 4500 |
| 001 |
vtls012151263 |
| 003 |
SK-MaSNL |
| 005 |
20260318124845.0 |
| 008 |
241209|2022 xo |||| || ||00 0|hun |
| 015 |
|
|
|a SNBRB2022/10
|
| 038 |
|
|
|a DSZK
|
| 040 |
|
|
|a DSZK
|b slo
|c DSZK
|e rda
|
| 041 |
0 |
|
|a hun
|
| 044 |
|
|
|a xo
|c SK
|
| 072 |
|
7 |
|a 82-1/-8
|x Literatúra rôznych foriem a žánrov (o nej)
|2 konspekt
|
| 080 |
|
|
|a 82-191
|2 2011
|
| 100 |
1 |
|
|a Macsovszky, Peter,
|d 1966-
|4 aut
|9 99036
|
| 245 |
1 |
0 |
|a 7 köznapi helyzet
|c Macsovszky Péter; fordító: Mészáros Tünde
|
| 246 |
3 |
|
|a Hét köznapi helyzet
|
| 336 |
|
|
|a text
|b txt
|2 rdacontent
|
| 337 |
|
|
|a bez média
|b n
|2 rdamedia
|
| 338 |
|
|
|a zväzok
|b nc
|2 rdacarrier
|
| 650 |
0 |
7 |
|a maďarská poézia
|2 SNKPH
|9 1294
|
| 655 |
|
7 |
|a alegorické básne
|2 SNKPH
|9 133186
|
| 700 |
1 |
|
|a Mészáros, Tünde,
|d 1970-
|4 trl
|9 346728
|
| 773 |
0 |
|
|t Irodalmi Szemle
|g Évf. LXV, sz. 9 (2022), o. 46
|x 1336-5088
|
| 958 |
|
|
|a HU
|
| 958 |
|
|
|a SK
|
| 958 |
|
|
|a LX
|
| 999 |
|
|
|c 2586636
|d 2588566
|